| 000 | 00554nam a2200181Ia 4500 | ||
|---|---|---|---|
| 999 |
_c14578 _d14578 |
||
| 003 | OSt | ||
| 005 | 20201027130040.0 | ||
| 008 | 190216s9999||||xx |||||||||||||| ||und|| | ||
| 020 | _a9788172736040 | ||
| 040 | _coclc | ||
| 082 |
_a823.914 _bSUN/W |
||
| 100 |
_aSunalini , K K _95330 |
||
| 245 | 0 |
_aWomen Journey Of Life In The Novels Of Shashi Deshpande And Anne Tyler / _cSunalini K K |
|
| 260 |
_bAuthors Press , _c2011. _aNew Delhi: |
||
| 300 | _a248p | ||
| 650 | _aEnglish | ||
| 942 |
_cBK _2ddc _h823.914 _iSUN/W _k823.914 _mSUN/W |
||